[Event "ch-PER"]
[Site "Lima PER"]
[Date "2004.03.05"]
[Round "1.1"]
[White "Ramos,Er"]
[Black "Zapata,D"]
[Result "1/2-1/2"]
[WhiteElo "2262"]
[BlackElo "2153"]

1.d4 Nf6 2.c4 g6 3.Nf3 Bg7 4.g3 O-O 5.Bg2 d6 6.O-O Nc6 7.Nc3 Na5 8.b3 c5
9.Bb2 Rb8 10.Qd2 a6 11.Rfd1 Bg4 12.h3 Bf5 13.g4 cxd4 14.Nxd4 Bd7 15.Nd5 Ne8
16.Nxe7+ Qxe7 17.Qxa5 h5 18.gxh5 Be5 19.Qd2 Qf6 20.e3 Qh8 21.f4 Bf6 22.Qc2 Rc8
23.hxg6 Rc5 24.f5 fxg6 25.Rab1 gxf5 26.b4 Re5 27.Nf3 Re4 28.Bxf6 Rxf6 29.Ng5 Re7
30.c5 Qh6 31.Qc4+ Kf8 32.Qf4 Bc6 33.Bxc6 bxc6 34.Rb2 d5 35.Rg2 Ng7 36.Rf1 Nh5
37.Qb8+ Re8 38.Qc7 Re7 39.Qc8+ Re8 40.Qxa6 Rxe3 41.Rxf5 Rxf5 42.Qc8+ Ke7
43.Qxf5 Qf6 44.Qh7+ Kf8 45.Qb1 Ke8 46.Nh7 Qe6 47.Qg6+ Qxg6 48.Rxg6 Kd7 49.Nf8+ Ke7
50.Nh7 Kd7 51.h4 Nf4 52.Rd6+ Kc7 53.Rf6  1/2-1/2

[Event "ch-TUR"]
[Site "Kusadasi TUR"]
[Date "2004.03.06"]
[Round "10"]
[White "Azizoglu,F"]
[Black "Zengin,S"]
[Result "1/2-1/2"]
[WhiteElo "1988"]
[BlackElo "2102"]

1.d4 Nf6 2.c4 g6 3.Nf3 Bg7 4.g3 O-O 5.Bg2 d6 6.O-O c5 7.dxc5 dxc5 8.Ne5 Nfd7
9.Nd3 Nc6 10.Nc3 Nde5 11.Nxe5 Nxe5 12.Qb3 Qd4 13.Bd5 e6 14.Be3 Qg4 15.Bg2 Qxc4
16.Qxc4 Nxc4 17.Bxc5 Re8 18.Nb5 Bxb2 19.Nc7 Bxa1 20.Rxa1 Bd7 21.Nxa8 Rxa8
22.Bxb7 Rb8 23.Ba6 Nb6 24.Bd4 Nd5 25.Bc4 a5 26.e3 Rc8 27.Bd3 f6 28.e4 e5
29.Bxe5 fxe5 30.exd5 Rc3 31.Be4 Kf8 32.Kf1 Ke7 33.Ke1 Kd6 34.Kd2  1/2-1/2

[Event "ch-TUR"]
[Site "Kusadasi TUR"]
[Date "2004.03.07"]
[Round "12"]
[White "Sengul,C"]
[Black "Reyhan,D"]
[Result "1/2-1/2"]
[WhiteElo "2072"]
[BlackElo "2213"]

1.Nf3 Nf6 2.c4 d6 3.d4 g6 4.g3 Bg7 5.Bg2 O-O 6.O-O Nc6 7.d5 Na5 8.Nfd2 c5
9.Nc3 a6 10.Qc2 Rb8 11.b3 b5 12.Bb2 Bh6 13.f4 bxc4 14.Nxc4 Nxc4 15.bxc4 Bg7
16.Rfb1 Ng4 17.Nd1 Rxb2 18.Rxb2 Bd4+ 19.e3 Nxe3 20.Nxe3 Bxe3+ 21.Kf1 Bf5
22.Be4 Bh3+ 23.Bg2 Bxg2+ 24.Kxg2 Bd4 25.Rab1 Bxb2 26.Qxb2 Qd7 27.Qe2 Re8
28.Rb6 Qa4 29.Rb7 e6 30.dxe6 Rxe6 31.Rb8+ Kg7 32.Qb2+ f6 33.f5 Re7 34.Qb3 Qc6+
35.Kh3 gxf5 36.Qd3 Qe4 37.Qxe4 Rxe4 38.Rb6 Rxc4 39.Rxd6 Ra4 40.Rd7+ Kg6 41.Rc7 c4
42.a3 Rxa3 43.Rxc4 Ra2 44.Rc7 a5 45.Ra7 a4 46.Ra5 h6 47.Ra7 a3 48.Ra5 Ra1
49.Ra7 Ra2 50.Ra5 h5 51.Ra7 Kh6 52.Ra4 Kg6 53.Ra7 Kh6 54.Ra5 Kg5 55.Ra4 Kg6
56.Ra7 f4 57.gxf4 Kf5 58.Ra4 Ke6 59.Ra5 Kd6 60.Rxh5 Rf2 61.Kg3 Rd2 62.Ra5 a2
63.h4 f5 64.h5 Ke6 65.Ra6+ Kf7 66.Ra7+ Kg8 67.h6 Rb2 68.Kf3 Rb3+ 69.Kg2 Rb2+
70.Kf3 Rb3+ 71.Kg2 Rb2+ 72.Kf3 Kh8 73.Kg3 Rc2 74.Kf3 Rh2 75.Kg3 Rd2 76.Kf3 Rd3+
77.Kg2 Rd2+ 78.Kg3 Kg8 79.Kf3 Rh2 80.Kg3 Re2 81.Kf3 Rb2 82.Kg3 Kh8 83.Kh3 Rf2
84.Kg3 Re2 85.Kf3 Rd2 86.Kg3 Kg8 87.Kh3 Rd3+ 88.Kh4 Rd2 89.Kg5 Rh2 90.Kxf5 Rxh6
91.Rxa2 Rb6 92.Ra7 Kf8 93.Kg5 Rb5+ 94.f5 Rb6 95.Rd7 Ra6 96.Kf4 Rb6 97.Ke5 Ra6
98.Rd5 Rb6 99.Kf4 Ra6 100.Kg5 Rb6 101.Rc5 Ra6 102.Rc4 Rb6 103.Re4 Ra6 104.Rh4 Rb6
105.Rh8+ Kg7 106.Rc8 Ra6 107.Rc7+ Kf8 108.Rc4 Rb6 109.Re4 Ra6 110.Re6 Rxe6
111.fxe6 Ke7 112.Kf5 Ke8 113.Ke4 Ke7 114.Kd5 Ke8 115.Ke5 Ke7 116.Kf5 Ke8
117.Kf6 Kf8 118.e7+ Ke8 119.Ke6  1/2-1/2

[Event "TCh-FIN 2003-4"]
[Site "Finland FIN"]
[Date "2004.03.13"]
[Round "8"]
[White "Kekki,P"]
[Black "Yrjola,J"]
[Result "1/2-1/2"]
[WhiteElo "2323"]
[BlackElo "2415"]

1.d4 g6 2.Nf3 Bg7 3.g3 Nf6 4.c4 O-O 5.Bg2 d6 6.O-O Nc6 7.d5 Na5 8.Nfd2 c6
9.Na3 c5 10.Nb3 Nxb3 11.axb3 a6 12.Nc2 Rb8 13.Ne1 b5 14.Nd3 Nd7  1/2-1/2

[Event "TCh-AUT 2003-4"]
[Site "Jenbach AUT"]
[Date "2004.03.20"]
[Round "10"]
[White "Amann,G"]
[Black "Kotz,H"]
[Result "1/2-1/2"]
[WhiteElo "2292"]
[BlackElo "2350"]

1.d4 Nf6 2.Nf3 g6 3.c4 Bg7 4.g3 O-O 5.Bg2 d6 6.Nc3 Nbd7 7.O-O e5 8.e4 c6
9.h3 Re8 10.Re1 Qb6 11.d5 cxd5 12.cxd5 Nc5 13.Rb1 a5 14.Be3 Bd7 15.Nd2 Rec8
16.Qe2 Ne8 17.Rec1 f5 18.a3 Qd8 19.b4 axb4 20.axb4 Na4 21.Nxa4 Bxa4  1/2-1/2

[Event "TCh-CZE Extraliga 2003-4"]
[Site "Czech Rep CZE"]
[Date "2004.03.21"]
[Round "9"]
[White "Beil,Z"]
[Black "Pilar,M"]
[Result "1-0"]
[WhiteElo "2313"]
[BlackElo "2249"]

1.d4 Nf6 2.c4 g6 3.Nf3 Bg7 4.g3 O-O 5.Bg2 d6 6.O-O Nbd7 7.Qc2 e5 8.Rd1 exd4
9.Nxd4 Re8 10.Nc3 a6 11.e4 Rb8 12.h3 c6 13.Bf4 Bf8 14.a3 Nh5 15.Be3 Qc7 16.Rac1 b6
17.Nce2 Bb7 18.g4 Ng7 19.Nf4 Rbd8 20.b4 Ne5 21.Nde2 Bc8 22.b5 g5 23.Nd3 h6
24.Nb4 a5 25.Nxc6 Nxc6 26.bxc6 Ba6 27.Nc3 Bxc4 28.Nd5 Bxd5 29.exd5 Rb8 30.Rb1 Re5
31.Rd3 Ne8 32.Rdb3 Rxe3 33.Rxe3 Bg7 34.Qf5 Bd4 35.Re4 Be5 36.Bf1 Kg7 37.h4 Qe7
38.f4 gxf4 39.g5 hxg5 40.hxg5 Nc7 41.Rd1 Rh8 42.Rxe5 Qxe5 43.Qxe5+ dxe5 44.d6 Ne6
45.c7 e4 46.Rc1 Nxg5 47.c8=Q  1-0

[Event "14th Asian Cities"]
[Site "Tagaytay City PHI"]
[Date "2004.03.22"]
[Round "2"]
[White "Saleh,Nab"]
[Black "Jones,B"]
[Result "1-0"]
[WhiteElo "2349"]
[BlackElo "2176"]

1.d4 Nf6 2.Nf3 g6 3.g3 Bg7 4.Bg2 O-O 5.c4 d6 6.O-O Nc6 7.Nc3 a6 8.h3 Rb8
9.e4 b5 10.cxb5 axb5 11.Re1 b4 12.Nd5 Bd7 13.Bg5 Rb5 14.Qd3 Na5 15.Rac1 Nxd5
16.exd5 f6 17.Bd2 Rf7 18.Nh2 f5 19.Nf3 h6 20.Nh2 Qb8 21.h4 Qa7 22.Be3 Rb7
23.Qd2 Qa6 24.b3 Qb6 25.Nf3 Kh7 26.h5 gxh5 27.Nh4 Rf6 28.Bf3 Qb5 29.Bf4 Bf8
30.Re2 c6 31.Rce1 Be8 32.Re6 Bf7 33.Rxf6 exf6 34.Qc2 cxd5 35.Qxf5+ Kg8 36.Qxf6 Qd3
37.Bxh6 Bxh6 38.Qxh6 Qxd4 39.Nf5 Qc3 40.Rc1 Qe5 41.Rc8+ Be8 42.Rxe8+ Qxe8
43.Bxd5+  1-0

[Event "IV Open"]
[Site "Dos Hermanas ESP"]
[Date "2004.03.26"]
[Round "2"]
[White "Lalic,B"]
[Black "Romero Garcia,Mar"]
[Result "1-0"]
[WhiteElo "2518"]
[BlackElo "2167"]

1.d4 d6 2.c4 Nf6 3.Nf3 g6 4.g3 Bg7 5.Bg2 O-O 6.O-O Nbd7 7.Nc3 e5 8.e4 exd4
9.Nxd4 Re8 10.h3 Nc5 11.Re1 a5 12.Rb1 Bd7 13.Ndb5 Bc6 14.f3 Nh5 15.g4 Nf6
16.Be3 Nfd7 17.Qd2 Ne5 18.b3 Bxb5 19.Nxb5 Ned3 20.Rf1 c6 21.Nc3 Qe7 22.g5 Rad8
23.Kh1 Qe5 24.Ne2 d5 25.cxd5 cxd5 26.f4 Qe7 27.e5 b6 28.Nd4 Qd7 29.a3 Nxe5
30.fxe5 Bxe5 31.Bf4 Ne4 32.Qd3 Bxf4 33.Rxf4 Qd6 34.Rbf1 Nxg5 35.Rg4 Ne4 36.Nf5 Qe5
37.Nh6+ Kg7 38.Nxf7  1-0

[Event "IV Open"]
[Site "Dos Hermanas ESP"]
[Date "2004.03.26"]
[Round "2"]
[White "Borovikov,V"]
[Black "Ortega Valle,J"]
[Result "1-0"]
[WhiteElo "2578"]
[BlackElo "2274"]

1.d4 Nf6 2.Nf3 g6 3.c4 Bg7 4.g3 O-O 5.Bg2 d6 6.O-O c5 7.Nc3 Nc6 8.dxc5 dxc5
9.Be3 Be6 10.Qa4 Qa5 11.Qxa5 Nxa5 12.Bxc5 Nxc4 13.Nd4 Nd7 14.Nxe6 fxe6 15.Bxe7 Rf7
16.Bg5 Nxb2 17.Rac1 Ne5 18.Ne4 Nec4 19.Bh3 Re8 20.Rc2 b5 21.Rb1 Na4 22.Rxb5 Na3
23.Nd6 Nxc2 24.Nxe8 Nd4 25.Rb8 Rf8 26.Be7 Rxe8 27.Rxe8+ Kf7 28.Ra8 Nc6 29.Bd8  1-0

[Event "IV Open"]
[Site "Dos Hermanas ESP"]
[Date "2004.03.28"]
[Round "4"]
[White "Movsziszian,K"]
[Black "Palma Macias,J"]
[Result "1-0"]
[WhiteElo "2497"]
[BlackElo "2149"]

1.c4 Nf6 2.Nf3 g6 3.g3 Bg7 4.Bg2 d6 5.d4 O-O 6.O-O Nc6 7.Nc3 a6 8.h3 Rb8
9.a4 Na5 10.b3 c5 11.dxc5 Nd7 12.Bd2 dxc5 13.Qc2 Nc6 14.Rfd1 Nd4 15.Nxd4 cxd4
16.Nd5 e6 17.Nf4 b6 18.Bb4 Nc5 19.e3 e5 20.exd4 Bf5 21.Qa2 exd4 22.a5 Re8
23.axb6 Qxb6 24.Nd5 Qa7 25.Qa3 Rxb4 26.Nxb4 d3 27.Ra2 Ne4 28.Qxa6 Qxa6 29.Rxa6 d2
30.g4 Nc5 31.Ra8 Rxa8 32.Bxa8 Bc3 33.Nd5  1-0

[Event "IV Open"]
[Site "Dos Hermanas ESP"]
[Date "2004.04.01"]
[Round "8"]
[White "Matamoros Franco,C"]
[Black "Movsziszian,K"]
[Result "1-0"]
[WhiteElo "2490"]
[BlackElo "2497"]

1.c4 g6 2.g3 Bg7 3.Bg2 d6 4.d4 Nf6 5.Nf3 O-O 6.O-O Nbd7 7.Nc3 e5 8.e4 exd4
9.Nxd4 Re8 10.h3 a6 11.Be3 Rb8 12.b3 Nc5 13.Qc2 Bd7 14.Rad1 Qc8 15.b4 Ne6
16.Nde2 h6 17.Kh2 Ng5 18.Nf4 b5 19.c5 a5 20.a3 axb4 21.axb4 Ra8 22.f3 Ra3
23.Rd3 Ne6 24.Nfd5 Qa6 25.Nxf6+ Bxf6 26.Nd5 Bg7 27.Rxa3 Qxa3 28.c6 Bc8 29.Qc1 Bb2
30.Qd2 h5 31.f4 f5 32.exf5 gxf5 33.Bf3 Ng7 34.Rf2 Ba1 35.Bd4 Bxd4 36.Qxd4 Re1
37.Nxc7 Rb1 38.Qd2 Rxb4 39.Qa2+ Qxa2 40.Rxa2 Kf7 41.Bd5+ Ke7 42.Ra8  1-0

[Event "TCh-FRA Nat1 GpB"]
[Site "Montpellier FRA"]
[Date "2004.04.02"]
[Round "5"]
[White "Pert,N"]
[Black "Bijaoui,M"]
[Result "1-0"]
[WhiteElo "2504"]
[BlackElo "2324"]

1.d4 Nf6 2.Nf3 g6 3.c4 Bg7 4.g3 O-O 5.Bg2 d6 6.O-O Nc6 7.Nc3 a6 8.b3 Rb8
9.Nd5 e6 10.Nxf6+ Qxf6 11.Bb2 Bd7 12.Rc1 Rfd8 13.Bc3 Qe7 14.d5 Ne5 15.Nxe5 Bxe5
16.Bxe5 dxe5 17.Qe1 c6 18.dxc6 Bxc6 19.Bxc6 bxc6 20.Qa5 c5 21.Rfd1 e4 22.Qxa6 Ra8
23.Qc6 Rxa2 24.Qxe4 Rb2 25.Qe3 Rb8 26.Rd3 Qb7 27.Rcd1 Qe7 28.Qf3 Qg5 29.h4 Qe5
30.Re3 Qf5 31.Rd7 h5 32.Kg2 Rb1 33.Red3 Kg7 34.Rc7 Kg8 35.e4 Qxf3+ 36.Kxf3 f5
37.exf5 gxf5 38.Re3 Rb6 39.Rd3 Rb8 40.Rd6 Re8 41.Rb6  1-0

[Event "TCh-FRA Nat1 GpB"]
[Site "Montpellier FRA"]
[Date "2004.04.02"]
[Round "5"]
[White "Miralles,G"]
[Black "Vallet,M"]
[Result "1-0"]
[WhiteElo "2450"]
[BlackElo "2226"]

1.d4 Nf6 2.c4 g6 3.Nf3 Bg7 4.g3 O-O 5.Bg2 d6 6.O-O Nbd7 7.Nc3 a6 8.Qc2 Rb8
9.a4 a5 10.Rd1 Re8 11.b3 e5 12.e3 exd4 13.Nxd4 Nc5 14.Ba3 Qe7 15.Rac1 c6
16.Rd2 h5 17.Re1 h4 18.e4 hxg3 19.hxg3 Ng4 20.f3 Ne5 21.f4 Ng4 22.Ree2 Bd7
23.e5 dxe5 24.Ne4 Nxe4 25.Bxe7 Nxd2 26.Bc5 exd4 27.Rxe8+ Rxe8 28.Qxd2 Bf5
29.Qxa5 Bf8 30.Bf3 Rd8 31.Qd2 d3 32.b4 Kg7 33.Bb6 Rd7 34.b5 cxb5 35.cxb5 Nf6
36.a5 Bg4 37.Bxg4 Nxg4 38.a6 bxa6 39.bxa6 Rd6 40.a7 Rxb6 41.Qxd3 Rb2 42.a8=Q Nf2
43.Qd7  1-0

[Event "Asian U18g"]
[Site "Tehran IRI"]
[Date "2004.04.03"]
[Round "1"]
[White "Harika,D"]
[Black "Bayat,S"]
[Result "1-0"]
[WhiteElo "2368"]
[BlackElo "2103"]

1.Nf3 Nf6 2.c4 d6 3.d4 g6 4.g3 Bg7 5.Bg2 O-O 6.O-O Nc6 7.d5 Ne5 8.Nfd2 e6
9.Nc3 exd5 10.cxd5 Ne8 11.Nb3 f5 12.Nd4 Qe7 13.e3 Nf6 14.Qc2 a6 15.Nce2 Nf7
16.Bd2 Ng5 17.Ba5 Ne8 18.Rac1 Bd7 19.Nf4 Bxd4 20.exd4 Rc8 21.Rfe1 Qf6 22.Bc3 Ng7
23.Ne6 Rfe8 24.f4 Nf7 25.Re3 Qe7 26.Rce1 Bxe6 27.dxe6 Nd8 28.d5 c6 29.b4 cxd5
30.Bxd5 Nc6 31.Qb2 Nh5 32.Bf3 Ng7 33.Bf6 Qf8 34.e7 Qf7 35.Rd1 Nxe7 36.Bxe7  1-0

[Event "Open ch-NOR"]
[Site "Oslo NOR"]
[Date "2004.04.04"]
[Round "2"]
[White "Svensen,T"]
[Black "Tjiam,D"]
[Result "0-1"]
[WhiteElo "2119"]
[BlackElo "2324"]

1.d4 g6 2.Nf3 Bg7 3.c4 d6 4.g3 Nf6 5.Bg2 O-O 6.O-O Nbd7 7.Nc3 c6 8.b4 Qc7
9.e4 b6 10.Bb2 e5 11.dxe5 Nxe5 12.Nxe5 dxe5 13.Qe2 Bg4 14.f3 Be6 15.Rfd1 Rfd8
16.Rac1 Bh6 17.Rc2 Rxd1+ 18.Nxd1 Rd8 19.Nf2 a5 20.f4 Nd7 21.f5 gxf5 22.Qh5 Bg7
23.exf5 Nf6 24.Qf3 Bc8 25.bxa5 bxa5 26.g4 Bh6 27.g5 Bxg5 28.Qg3 h6 29.h4 Nh5
30.Qf3 Nf4 31.hxg5 Bxf5 32.Ne4 hxg5 33.Rd2 Rxd2 34.Nxd2 Qb6+ 35.Qf2 Qxb2
36.Bxc6 Nh3+  0-1

[Event "It U21"]
[Site "Los Llanos ESP"]
[Date "2004.04.06"]
[Round "5"]
[White "Castro Acosta,A"]
[Black "Szabo,G ROM"]
[Result "0-1"]
[WhiteElo "2119"]
[BlackElo "2403"]

1.d4 Nf6 2.c4 g6 3.g3 Bg7 4.Bg2 O-O 5.Nf3 d6 6.O-O Nc6 7.d5 Na5 8.Qa4 c5
9.Bd2 b6 10.Bc3 Rb8 11.Re1 e5 12.Nbd2 Nh5 13.Qc2 f5 14.Rf1 Ba6 15.b3 e4 16.Ne1 b5
17.Bxg7 Nxg7 18.Qc3 bxc4 19.bxc4 Nb7 20.Nc2 Qa5 21.Qe3 f4 22.gxf4 Nf5 23.Qxe4 Qxd2
24.Rad1 Qc3 25.Qe6+ Kh8 26.Rd3 Qxc2 27.Rh3 Ng7 28.Qg4 Qf5 29.Qh4 Nh5  0-1

[Event "FSGM April"]
[Site "Budapest HUN"]
[Date "2004.04.07"]
[Round "5"]
[White "Kustar,S"]
[Black "Paschall,W"]
[Result "1-0"]
[WhiteElo "2351"]
[BlackElo "2401"]

1.Nf3 g6 2.c4 Bg7 3.d4 Nf6 4.g3 O-O 5.Bg2 d6 6.O-O c6 7.Nc3 Qb6 8.h3 Qa6
9.b3 b5 10.cxb5 cxb5 11.Bb2 Bb7 12.a4 b4 13.Na2 Qb6 14.Ne1 Bxg2 15.Nxg2 d5
16.Nf4 Nbd7 17.Rc1 Rfc8 18.Qd3 a5 19.Rc2 Rxc2 20.Qxc2 e6 21.Rc1 Bh6 22.Qc7 Qxc7
23.Rxc7 Bxf4 24.gxf4 Kf8 25.Nc1 Ke7 26.Nd3 Kd8 27.Rc6 Nb8 28.Rc1 Ra7 29.Ne5 Ne4
30.f3 Nd6 31.Rc6 Ke7 32.Rc2 f6 33.Nd3 Na6 34.Rc6 Nb8 35.Rc5 Kd7 36.Kf2 Nb7
37.Rb5 Kc6 38.e4 Nd7 39.f5 gxf5 40.exf5 exf5 41.Nf4 Nb6 42.Bc1 Ra8 43.Ne6 Nd6
44.Rc5+ Kd7 45.Nf4 Rc8 46.Bd2 Nb7 47.Rb5 Kc6 48.Nd3 Rg8 49.Bf4 Nd7 50.Bh2 Ra8
51.Nf4 Nb6 52.Ne6 Nd7 53.Nc7 Ra7 54.Nxd5 f4 55.Bxf4 Ndc5 56.Ne7+ Kd7 57.dxc5  1-0

[Event "6th Foxwoods Open"]
[Site "Connecticut USA"]
[Date "2004.04.09"]
[Round "5"]
[White "Ippolito,D"]
[Black "Georgiev,Vl"]
[Result "0-1"]
[WhiteElo "2381"]
[BlackElo "2563"]

1.d4 d6 2.Nf3 Nf6 3.c4 g6 4.g3 Bg7 5.Bg2 O-O 6.O-O c6 7.Nc3 Qa5 8.e4 e5 9.h3 Nbd7
10.Re1 b5 11.cxb5 cxb5 12.a3 a6 13.Be3 Bb7 14.Nd2 Rfc8 15.Rc1 Qd8 16.d5 Nb6
17.Qb3 Nfd7 18.a4 Nc5 19.Bxc5 Rxc5 20.axb5 Bh6 21.Rcd1 axb5 22.Nxb5 Rb8 23.Nc3 Bxd2
24.Rxd2 Nc4 25.Rde2 Bxd5 26.Qd1 Be6 27.Qc1 Rb4 28.Rc2 Qc7 29.Nd1 Nxb2 30.Rxc5 Qxc5
31.Qxc5 dxc5 32.Nxb2 Rxb2 33.Rc1 c4 34.Bf1 Rb8 35.g4 h6 36.Be2 Kf8 37.Kg2 Ke7
38.h4 Rc8 39.Kf3 Kd6 40.Ke3 Kc5 41.f4 exf4+ 42.Kxf4 Kb4 43.h5 c3 44.Ke5 gxh5
45.gxh5 Bb3 46.Kf6 Rd8 47.e5 Rd2 48.Bg4 Rf2+ 49.Ke7 c2 50.Kf8 Ka3  0-1

[Event "8th Neckar Open"]
[Site "Deizisau GER"]
[Date "2004.04.10"]
[Round "4"]
[White "Gelashvili,T"]
[Black "Zozulia,A"]
[Result "1-0"]
[WhiteElo "2535"]
[BlackElo "2297"]

1.d4 Nf6 2.Nf3 g6 3.g3 Bg7 4.Bg2 O-O 5.c4 d6 6.O-O c6 7.Nc3 Bf5 8.Ne1 Qc8
9.e4 Bh3 10.Nd3 Bxg2 11.Kxg2 e5 12.d5 Na6 13.f3 Qd7 14.Be3 cxd5 15.cxd5 Rfc8
16.Rc1 b5 17.a3 h5 18.Qb3 Rab8 19.Na2 Kh7 20.Nab4 Nxb4 21.Nxb4 Rxc1 22.Rxc1 Bh6
23.Bxh6 Kxh6 24.Rc6 a5 25.Na6 Rb7 26.Qc3 Qd8 27.Rc7 Rxc7 28.Qxc7 Qxc7 29.Nxc7 b4
30.Nb5 Ne8 31.a4 f5 32.Kf2 Kg5 33.h4+ Kf6 34.Ke3 g5 35.hxg5+ Kxg5 36.b3 fxe4
37.Kxe4 Nf6+ 38.Kd3 e4+ 39.fxe4 Kg4 40.Nxd6 Kxg3 41.Kd4 Kf4 42.e5 Ng8 43.Nc4 Kf5
44.Ne3+ Kg6 45.d6 Kf7 46.Nf5  1-0

[Event "10th WDB Easter Open"]
[Site "Essen GER"]
[Date "2004.04.12"]
[Round "9"]
[White "Khurtsidze,N"]
[Black "Koscielski,J"]
[Result "1-0"]
[WhiteElo "2387"]
[BlackElo "2320"]

1.d4 Nf6 2.c4 g6 3.Nf3 Bg7 4.g3 O-O 5.Bg2 d6 6.Nc3 c6 7.O-O Bf5 8.Ne1 Be6
9.d5 cxd5 10.cxd5 Bd7 11.h3 Na6 12.Nd3 Qa5 13.Bd2 Rfc8 14.a4 Qd8 15.Qb3 b6
16.Qa2 Be8 17.b4 Nd7 18.Rac1 Ne5 19.Nxe5 Bxe5 20.Qb3 Bd7 21.f4 Bg7 22.e4 Qe8
23.Rfe1 Bxc3 24.Bxc3 Bxa4 25.Qa3 Bb5 26.e5 Qd8 27.f5 Nc7 28.exd6 exd6 29.f6 Bc4
30.Bb2 b5 31.Re2 Ne8 32.Qe3 Rc7 33.Rce1 Re7 34.fxe7 Qb6 35.Bd4 Qb7 36.Qh6  1-0

[Event "1st It Congress"]
[Site "Coventry ENG"]
[Date "2004.04.16"]
[Round "1"]
[White "Winfridsson,O"]
[Black "Gourlay,I"]
[Result "1/2-1/2"]
[WhiteElo "2057"]
[BlackElo "2275"]

1.d4 Nf6 2.c4 g6 3.g3 Bg7 4.Bg2 O-O 5.Nf3 d6 6.O-O Nbd7 7.Qc2 e5 8.Rd1 Qe7
9.e4 exd4 10.Nxd4 a5 11.Nc3 Nc5 12.f3 c6 13.b3 Rd8 14.Ba3 Na6 15.Qd2 Nb4
16.Rac1 d5 17.exd5 cxd5 18.Ndb5 Be6 19.cxd5 Nfxd5 20.Nxd5 Bxd5 21.Qf2 Bh6
22.Rc7 Qe8 23.Qf1 Bc6 24.Nd6 Qe6 25.Nxf7 Be3+ 26.Kh1 Rxd1 27.Qxd1 Nd5 28.Rxc6 bxc6
29.Nd6 Rd8 30.Ne4 Bh6 31.Qe1 Nf6 32.Nxf6+ Qxf6 33.f4 Bf8 34.Bxf8 Kxf8 35.h4 Qf5
36.Qc3 Rd7 37.Kh2 Kg8 38.Qxc6 Qd3 39.Qe6+ Kf8 40.Qf6+ Kg8 41.Qe6+ Kf8 42.Qf6+ Kg8  1/2-1/2

[Event "1st It Congress"]
[Site "Coventry ENG"]
[Date "2004.04.18"]
[Round "4"]
[White "Sherwin,J"]
[Black "Burrows,M"]
[Result "1-0"]
[WhiteElo "2309"]
[BlackElo "2242"]

1.Nf3 Nf6 2.d4 g6 3.c4 Bg7 4.g3 O-O 5.Bg2 d6 6.O-O Nc6 7.Nc3 a6 8.h3 Rb8
9.e4 b5 10.cxb5 axb5 11.Re1 e6 12.d5 Ne7 13.a3 Bd7 14.dxe6 Bxe6 15.Nd4 Bd7
16.Nc2 Nc6 17.Nd5 Nxd5 18.exd5 Na5 19.Nb4 Nc4 20.Ra2 Nb6 21.b3 Bc3 22.Re3 Be5
23.Rae2 Qf6 24.Kh2 Qg7 25.f4 Bf6 26.Qc2 Rbc8 27.Nc6 Rce8 28.Ne7+ Rxe7 29.Rxe7 Bxe7
30.Rxe7 Qf6 31.Re2 Qd8 32.Bb2 f6 33.Qc3 Rf7 34.g4 h6 35.Bf3 Bc8 36.Qd3 Kh7
37.Qxb5 Re7 38.Kg3 Qf8 39.Qd3 Nd7 40.b4 Nb6 41.Be4 Rg7 42.h4 Bxg4 43.Kxg4 f5+
44.Kf3 fxe4+ 45.Qxe4 Rd7 46.h5 Qf7 47.Qe8 Qxd5+ 48.Kf2 gxh5 49.Re7+  1-0

[Event "1st It Congress"]
[Site "Coventry ENG"]
[Date "2004.04.18"]
[Round "5"]
[White "Horton,Ju"]
[Black "Hebden,M"]
[Result "0-1"]
[WhiteElo "2056"]
[BlackElo "2544"]

1.d4 Nf6 2.Nf3 g6 3.c4 Bg7 4.g3 O-O 5.Bg2 d6 6.O-O Nc6 7.Nc3 Rb8 8.h3 a6
9.e4 b5 10.cxb5 axb5 11.Re1 e6 12.Bf1 b4 13.Nb5 Bb7 14.Bg5 Qd7 15.Rc1 Rfc8
16.d5 exd5 17.exd5 Ne7 18.Na7 Nfxd5 19.Nxc8 Nxc8 20.Qc2 Ncb6 21.Be3 c5 22.Bg2 Nxe3
23.fxe3 Bxf3 24.Bxf3 Qxh3 25.Kf2 Qh2+ 26.Bg2 Be5  0-1

[Event "1st It Congress"]
[Site "Coventry ENG"]
[Date "2004.04.18"]
[Round "5"]
[White "Arkell,K"]
[Black "Wu,L"]
[Result "1-0"]
[WhiteElo "2507"]
[BlackElo "2197"]

1.d4 Nf6 2.Nf3 g6 3.c4 Bg7 4.g3 O-O 5.Bg2 d6 6.O-O Nc6 7.Nc3 a6 8.h3 e5 9.Be3 Rb8
10.Qd2 Bd7 11.Rad1 Qc8 12.Kh2 exd4 13.Nxd4 Re8 14.Nxc6 Bxc6 15.Ba7 Bxg2 16.Kxg2 Ra8
17.Bd4 Ne4 18.Nxe4 Rxe4 19.Bxg7 Kxg7 20.Qc3+ Kg8 21.e3 Qe6 22.b3 b6 23.Rd5 a5
24.Rfd1 Re8 25.a3 Re5 26.b4 axb4 27.axb4 Qf5 28.R1d4 Qb1 29.g4 Re4 30.c5 Rxd4
31.Rxd4 bxc5 32.bxc5 dxc5 33.Qxc5 Qb7+ 34.Kg3 Qb1 35.Kh2 Qb2 36.Rf4 Qe5 37.Qxe5 Rxe5
38.Rc4 Re7 39.Kg3 Kg7 40.Kf4 f6 41.h4 Kf7 42.Rc6 Kg7 43.e4 Rf7 44.Ke3 Kf8
45.g5 fxg5 46.hxg5 Kg7 47.f4 Rd7 48.f5 gxf5 49.exf5 Kf7 50.Kf4 Re7 51.Kg4 Rd7
52.Kh5 Kg7 53.Rc1 Kg8 54.f6 Kf7 55.Kh6 Kg8 56.Re1  1-0

[Event "7th St Quentin Open"]
[Site "Elancourt FRA"]
[Date "2004.04.20"]
[Round "3"]
[White "Barsov,A"]
[Black "Lallemand,R"]
[Result "1-0"]
[WhiteElo "2507"]
[BlackElo "2277"]

1.d4 Nf6 2.c4 g6 3.Nf3 Bg7 4.g3 O-O 5.Bg2 d6 6.O-O Nc6 7.Nc3 a6 8.d5 Na5
9.b3 c5 10.dxc6 Nxc6 11.Bb2 Bf5 12.Qc1 Rc8 13.Rd1 Qa5 14.Nd5 Nxd5 15.Bxg7 Kxg7
16.Rxd5 Qc7 17.Qe3 Be6 18.Rd2 h6 19.h4 Qa5 20.Nd4 Bd7 21.Rad1 Rfe8 22.Bd5 Qc5
23.h5 g5 24.Qc3 Kg8 25.Qc2 Kg7 26.Bxf7 Kxf7 27.Qh7+ Kf8 28.Qh8+ Kf7 29.Qh7+ Kf8
30.Qxh6+ Kg8 31.Qg6+ Kh8 32.Ne6 Bxe6 33.Qh6+ Kg8 34.Qxe6+ Kg7 35.Rd5  1-0

[Event "TCh-RUS w"]
[Site "Sochi RUS"]
[Date "2004.04.20"]
[Round "1"]
[White "Shaidullina,S"]
[Black "Parkhomenko,E"]
[Result "1-0"]
[WhiteElo "2332"]
[BlackElo "2119"]

1.d4 Nf6 2.c4 g6 3.Nf3 Bg7 4.g3 O-O 5.Bg2 d6 6.O-O c6 7.Nc3 Qa5 8.e4 Qh5
9.e5 dxe5 10.Nxe5 Qxd1 11.Rxd1 Nbd7 12.f4 Nb6 13.h3 Rd8 14.b3 Nbd7 15.Ba3 Bf8
16.Rac1 Nh5 17.Kf2 Nxe5 18.dxe5 Be6 19.Ne4 b6 20.Ng5 Bd7 21.Rc2 h6 22.Rcd2 hxg5
23.Rxd7 Rxd7 24.Rxd7 gxf4 25.g4 f3 26.Bxf3 Nf4 27.Bxc6 Rc8 28.Bb7 Re8 29.h4 f6
30.e6 Kh8 31.Be4 Nxe6 32.Bxg6 Rd8 33.Rd5 Rxd5 34.cxd5 Nc7 35.Be4 Ne8 36.Bd3 Nc7
37.Be4 Nb5 38.Bb2 Nd6 39.Bd3 Kg8 40.a4 Bh6 41.Bc3 Nb7 42.b4 Bf4 43.Kf3 Bc7
44.g5 fxg5 45.h5  1-0

[Event "TCh-RUS w"]
[Site "Sochi RUS"]
[Date "2004.04.26"]
[Round "7"]
[White "Meleshko,Ann"]
[Black "Kirillova,V"]
[Result "1-0"]
[WhiteElo "2184"]
[BlackElo "2229"]

1.d4 Nf6 2.c4 g6 3.Nf3 Bg7 4.g3 O-O 5.Bg2 d6 6.O-O Nbd7 7.Qc2 e5 8.Rd1 Re8
9.dxe5 dxe5 10.e4 c6 11.h3 Qe7 12.b3 Nc5 13.Nc3 Qc7 14.Be3 Ne6 15.c5 Nd7
16.b4 b6 17.Na4 b5 18.Nc3 a5 19.a3 Ndf8 20.Qb2 Qa7 21.a4 bxa4 22.Nxa4 Qe7
23.Nb6 Ra7 24.bxa5 Ba6 25.Qc2 Rd8 26.Rxd8 Qxd8 27.Rd1 Nd4 28.Nxd4 exd4 29.Bf4 d3
30.Qd2 Ne6 31.Bd6 Bf8 32.e5 Nxc5 33.Bxf8 Qxf8 34.Bxc6 Rc7 35.Bd5 Qe7 36.Qe3 h5
37.Nc4 Bxc4 38.Bxc4 h4 39.g4 Ra7 40.a6 Kg7 41.Qd4 Kh7 42.Qd6 Qc7 43.Bxd3 Qa5
44.Qf6 Qa4 45.Bxg6+  1-0

[Event "6th Open"]
[Site "Dubai UAE"]
[Date "2004.04.28"]
[Round "9"]
[White "Safin,S"]
[Black "Mariano,N"]
[Result "0-1"]
[WhiteElo "2499"]
[BlackElo "2416"]

1.d4 Nf6 2.c4 g6 3.Nf3 Bg7 4.g3 O-O 5.Bg2 d6 6.O-O c6 7.Nc3 Qa5 8.h3 Be6
9.Qd3 Qa6 10.c5 Qxd3 11.exd3 Na6 12.Be3 Rfd8 13.Rad1 Nd5 14.Nxd5 Bxd5 15.b3 Rd7
16.Rfe1 dxc5 17.dxc5 Nb4 18.Re2 Rad8 19.d4 Bxf3 20.Bxf3 e5 21.a3 Nd5 22.dxe5 Nc3
23.Rxd7 Nxe2+ 24.Bxe2 Rxd7  0-1

[Event "FSIM May"]
[Site "Budapest HUN"]
[Date "2004.05.01"]
[Round "1"]
[White "Chetverik,M"]
[Black "Dencsi,T"]
[Result "1/2-1/2"]
[WhiteElo "2397"]
[BlackElo "2229"]

1.d4 Nf6 2.c4 g6 3.Nf3 Bg7 4.g3 O-O 5.Bg2 d6 6.O-O Nc6 7.d5 Na5 8.Nfd2 c5
9.a3 Nd7 10.Ra2 Ne5 11.b3 a6 12.a4 b5 13.axb5 axb5 14.cxb5 Bd7 15.Na3 Qb8
16.Bb2 Bxb5 17.f4 Ng4 18.Bxg7 Kxg7 19.Qa1+ Kg8 20.Bf3 Bd7 21.Nc2 Qb5 22.Rb1 Ra6
23.b4 cxb4 24.Rxb4 Qc5+ 25.Qd4 Nb3 26.Qxc5 Nxc5 27.Rxa6 Nxa6 28.Rb7 Nf6 29.Ne4 Nxe4
30.Rxd7 Nd2 31.Rxe7 Nxf3+ 32.exf3 Nc5 33.Ne3 Rd8 34.f5 Nd7 35.fxg6 hxg6 36.Ng4 Kf8
37.Re2 Nb8 38.Rd2 Rc8 39.Ne3 Rc5 40.Rd4 Ke7 41.f4 Ra5 42.h3 Kf6 43.Kf2 Ra2+
44.Kf3 Ra3 45.g4 Rc3 46.Ke4 Nd7 47.g5+ Ke7 48.h4 Nc5+ 49.Kf3 Nd7 50.Ke2 Ra3
51.Re4+ Kd8 52.Nc4 Ra2+ 53.Kf3 Nc5 54.Re1 Kd7 55.Rb1 Rh2 56.Rb6 Rxh4 57.Rxd6+ Ke7
58.Rf6 Nd7 59.Ra6 Rh3+ 60.Ke2 Rh2+ 61.Ke3 Rh3+ 62.Kf2 Rd3 63.Ne3 Nc5 64.Ra7+ Nd7
65.Ke2 Rb3 66.Nc4 Rb5 67.d6+ Ke6 68.Ke3 Rb3+ 69.Kd4 Rb5 70.Ra8 Nb8 71.Ke4 Rb4
72.Kd3 Rb5 73.Ra7 Nd7 74.Ra8 Nb8 75.Kd4 Nc6+ 76.Ke4 Nb8 77.Ra7 Nd7 78.Rc7 Nc5+
79.Ke3 Nd7 80.Rc8 Kf5 81.Rd8 Rb3+ 82.Kd4 Rb7 83.Kd5 Kxf4 84.Kc6 Rb4 85.Rxd7 Rxc4+
86.Kd5 Rc1 87.Rxf7+ Kxg5 88.d7 Rd1+ 89.Ke5 Re1+ 90.Kd6 Kg4 91.Rg7 Rd1+ 92.Ke6 g5
93.Rg8 Kf4 94.Rf8+ Ke4 95.Rf1 Rd2 96.Re1+ Kf3 97.Rf1+ Ke4 98.Ra1 g4 99.Ra4+ Kf3
100.Ra3+ Kf4 101.Ra4+ Kf3 102.Ra3+ Kf4 103.Ra2 Rd1 104.Ra6 Rxd7 105.Kxd7 g3
106.Ke6 g2 107.Ra1 Kf3 108.Kf5 Kf2 109.Ra2+ Kf3 110.Ra3+  1/2-1/2